Lịch sử chủ nghĩa Mác-Lênin

Uloženo v:
Podrobná bibliografie
Hlavní autor: Trang, Phúc Linh
Médium: Kniha
Jazyk:Undetermined
Vydáno: Hà Nội Chính trị Quốc gia 2003
Témata:
Tagy: Přidat tag
Žádné tagy, Buďte první, kdo otaguje tento záznam!
Thư viện lưu trữ: Trung tâm Học liệu Trường Đại học Cần Thơ
LEADER 00587nam a2200193Ia 4500
001 CTU_55525
008 210402s9999 xx 000 0 und d
020 |c 127500 
082 |a 320.5322 
082 |b L312/T.2 
100 |a Trang, Phúc Linh 
245 0 |a Lịch sử chủ nghĩa Mác-Lênin 
245 0 |c Trang Phúc Linh ; Lê Cự Lộc ... [et al.] biên dịch 
260 |a Hà Nội 
260 |b Chính trị Quốc gia 
260 |c 2003 
650 |a Marxism-leninism 
910 |a Huỳnh Mai 
980 |a Trung tâm Học liệu Trường Đại học Cần Thơ